[Event "21st Hogeschool Zeeland 2017"]
[Site "Vlissingen"]
[Date "2017.08.11"]
[Round "8"]
[White "Landa, Konstantin"]
[Black "Ernst, Sipke"]
[Result "1/2-1/2"]
[WhiteElo "2623"]
[BlackElo "2553"]
[Annotator "TA"]
[PlyCount "46"]
[EventDate "2017.??.??"]
[SourceTitle "playchess.com"]
[Source "ChessBase"]
[SourceQuality "1"]

{[%evp 9,46,5,21,3,16,14,20,16,17,22,34,24,37,18,20,24,14,7,26,9,33,0,29,19,37,15,23,23,46,20,33,27,16,0,10,-17,-18,-24,106]} 1. Nf3 d5 2. g3 Bg4 3. Bg2 c6 4. O-O Nd7 5. h3 Bh5 (5... Bxf3 $5 6. Bxf3 Ngf6 $11) (5... Bxf3 6. Bxf3 Ngf6 7. d3 e5 8. e4 Bc5 9. Nc3 dxe4 10. Nxe4 Nxe4 11. dxe4 O-O 12. Qe2 Qe7 {½-½ (71) Ding,L (2781)-Yu,Y (2753) Danzhou 2017}) 6. d4 {A07: Réti Opening: New York and Capablanca Systems} e6 7. c4 Ngf6 8. cxd5 {The position is equal.} cxd5 9. Qb3 Qb6 10. Nc3 Be7 11. Qxb6 Nxb6 12. g4 $146 ({Predecessor:} 12. Ne5 Bg6 13. Bf4 O-O {0-1 (40) Blomqvist,E (2526)-Kobalia,M (2646) Gjakova 2016}) 12... Bg6 13. Ne5 Nfd7 14. Nxg6 hxg6 15. Bf4 {[%cal Bc1f4,Bf4g3,Bg3c7,Bc7d6][%mdl 32]} O-O 16. a4 g5 17. Bg3 a5 18. e4 {[%cal Re4d5]} Nf6 19. Bc7 (19. e5 $5 {[%cal Re5f6]} Nfd7 20. b3 $11) 19... Bd8 20. Bd6 Re8 21. e5 Nfd7 22. b3 Nc8 23. Nb5 Ncb6 {Precision: White = 64%, Black = 39%.} (23... Nxd6 $11 {remains equal.} 24. Nxd6 Rf8) 1/2-1/2

[Event "21st Hogeschool Zeeland 2017"]
[Site "Vlissingen"]
[Date "2017.08.11"]
[Round "8"]
[White "Van Foreest, Jorden"]
[Black "Admiraal, Miguoel"]
[Result "1-0"]
[WhiteElo "2600"]
[BlackElo "2447"]
[Annotator "TA"]
[PlyCount "91"]
[EventDate "2017.??.??"]
[SourceTitle "playchess.com"]
[Source "ChessBase"]
[SourceQuality "1"]

{[%evp 16,91,37,22,61,0,0,0,0,5,30,0,1,8,19,43,84,73,75,75,135,22,47,33,157,146,137,144,212,212,189,181,335,234,224,182,178,166,168,164,152,115,113,96,81,65,145,83,108,109,197,199,199,199,347,301,302,277,12833,12832,12833,12834,12834,12835,12835,12834,12834,12834,12837,12838,12838,12839,12845,12846,12846,12846,12846,12847]} 1. e4 d5 2. exd5 Qxd5 3. Nc3 Qd8 4. d4 Nf6 5. Nf3 g6 (5... Bg4 6. h3 Bxf3 7. Qxf3 c6 8. Ne2 e6 9. g4 Qd5 10. Bg2 Nbd7 11. Qg3 Qc4 12. Qb3 Qxb3 13. axb3 Bd6 14. c4 {0-1 (50) Caruana,F (2801)-Carlsen,M (2877) Tromsoe 2014}) 6. h3 {B01: Scandinavian Defence} Bg7 7. Bc4 O-O 8. O-O a6 9. a4 {LiveBook: 4 Games} Nc6 10. Ne2 ({White should play} 10. Bf4 $14) 10... b6 $146 ({Predecessor:} 10... Rb8 11. a5 Ne8 12. Bf4 Nd6 13. Bb3 {1-0 (47) Pancevski,F (2497)-Milanovic,D (2466) Skopje 2015}) 11. c3 Bb7 12. b4 Ne4 13. Bb3 e5 14. Qc2 $36 {[%mdl 2048] Hoping for d5. White has some pressure.} Nd6 (14... Nxc3 $5 15. Qxc3 exd4 $11) 15. Bg5 Qe8 16. Rfe1 exd4 17. Nexd4 Nxd4 (17... Qb8 $142) 18. Nxd4 (18. cxd4 $16 Qd7 19. Ne5) 18... Qc8 19. Ne6 Re8 (19... Bxg2 $1 $14 20. Kxg2 Qb7+ 21. f3 fxe6) 20. Nxg7 $16 Kxg7 21. Qd2 {And now Bh6+ would win.} h5 (21... Kg8 $16) 22. Qd4+ $18 ({But not} 22. Rxe8 $6 Qxe8 23. f3 Nf5) 22... Kh7 23. Be7 Kg8 $2 (23... Qd7 {was called for.} 24. Bxd6 cxd6 25. Qxb6 d5) 24. Bxd6 cxd6 25. Qxd6 Qc6 26. Qxc6 Bxc6 27. Rxe8+ Rxe8 {[%mdl 4096] Endgame KRB-KRB} 28. Rd1 {Strongly threatening Rd6.} Kf8 29. c4 Ke7 30. b5 Bb7 {[#]} (30... Bd7 $1 $14) 31. f3 (31. Re1+ $142 $1 Kf8 32. Rxe8+ Kxe8 33. f3) 31... h4 32. Kf2 Rd8 (32... Rc8 $16 33. Ke3 g5) 33. Rxd8 Kxd8 {KB-KB} 34. Ke3 Ke7 (34... g5 {is a better defense.} 35. Kd4 axb5) 35. Kd4 axb5 36. cxb5 {[%cal Bc4b5,Bb5b6,Bb6b7][%mdl 32]} ({Weaker is} 36. axb5 Kd6 $14) 36... f6 $2 (36... Bc8 37. a5 bxa5) 37. Bd5 {White is clearly winning.} Bc8 {[#]} 38. a5 $1 {[%cal Ra5a6][%mdl 512]} bxa5 39. b6 a4 {[#]} 40. b7 $1 {[%cal Rb7c8]} Bxb7 41. Bxb7 {KB-KP} a3 42. Bd5 Kd6 43. f4 g5 44. fxg5 fxg5 45. Ke4 g4 46. hxg4 {Precision: White = 71%, Black = 32%.} 1-0

[Event "21st Hogeschool Zeeland 2017"]
[Site "Vlissingen"]
[Date "2017.08.11"]
[Round "8"]
[White "Ikonnikov, Vyacheslav"]
[Black "Iturrizaga Bonelli, Eduardo"]
[Result "1/2-1/2"]
[WhiteElo "2532"]
[BlackElo "2662"]
[Annotator "TA"]
[PlyCount "131"]
[EventDate "2017.??.??"]
[SourceTitle "playchess.com"]
[Source "ChessBase"]
[SourceQuality "1"]

{[%evp 24,131,50,10,31,0,-8,-5,0,0,24,0,4,4,0,0,20,19,14,17,27,20,37,36,35,44,43,0,0,0,6,0,18,8,63,64,68,75,70,70,92,10,19,27,24,29,30,35,22,3,8,3,35,35,52,35,35,33,52,14,22,12,12,12,12,12,12,12,12,12,12,12,12,12,12,12,12,12,12,12,12,12,12,12,12,12,12,12,12,12,12,12,12,12,12,12,12,12,12,12,12,12,12,12,12,12,12,0,15,0]} 1. d4 Nf6 2. Nf3 e6 3. c4 c5 4. d5 exd5 5. cxd5 d6 6. Nc3 g6 7. Nd2 Bg7 8. e4 O-O 9. Be2 Re8 10. O-O Na6 11. Re1 Nc7 12. a4 b6 13. Qc2 {LiveBook: 8 Games} Na6 {A78: Modern Benoni: Classical: 9...Re8 10 Nd2 Na6} 14. Bxa6 (14. Bb5 Nb4 15. Qd1 Re7 16. Nc4 Bb7 17. Bf4 a6 18. Bxd6 axb5 19. Bxe7 Qxe7 20. Nxb6 Ra6 21. e5 Rxb6 22. exf6 Qxf6 {1-0 (60) Xiong,J (2658)-Lenderman,A (2585) Philadelphia 2017}) 14... Bxa6 15. Nf3 $146 ({Find the theoretical novelty and annotate with similar games:} 15. f3 Nh5 16. Nf1 f5 {Lombard,A-Pritchett,C Haifa 1970}) 15... Qc7 16. h3 Nd7 17. b3 Ne5 18. Nxe5 $1 Bxe5 19. Bb2 Qd7 20. Nd1 Bxb2 21. Nxb2 Re7 22. a5 bxa5 23. Rxa5 Bb5 24. Nc4 Bxc4 25. Qxc4 Rb8 26. Qc3 Qd8 27. Ra3 Rb4 (27... a5 $5) 28. Qf6 Qe8 (28... Qf8 $11) 29. Qxd6 $14 {And now f3 would win.} Rbxe4 30. Rxe4 Rxe4 31. Rxa7 {[%mdl 4096] Endgame KQR-KQR} Kg7 32. Ra6 ({Don't play} 32. Qxc5 $6 Re1+ 33. Kh2 Qe5+ 34. g3 Qe4 $11) ({Better is} 32. Rc7 $16) 32... Re1+ 33. Kh2 Qe5+ $1 34. Qxe5+ Rxe5 $11 {KR-KR} 35. d6 Kf6 36. Ra7 Rd5 37. Rc7 h5 38. d7 h4 39. Rxc5 Rxd7 40. Rc4 Rd3 41. b4 g5 {The position is equal.} 42. f4 Rb3 43. Kg1 Rb2 44. Kf1 Kf5 45. fxg5 Kxg5 46. Rg4+ Kh5 47. Rf4 Kg5 48. Rxf7 {[#] Rg7+ is the strong threat.} Rxb4 49. Re7 Kf4 50. Rg7 {aiming for Rg4+.} Kf5 51. Ke2 Ra4 52. Ke3 Rb4 53. Rf7+ Kg5 54. Rd7 Rb3+ 55. Ke4 Rb4+ 56. Ke5 Rb5+ 57. Ke6 Rb6+ 58. Kd5 Rb5+ 59. Kc4 Rb2 60. Rg7+ Kh5 61. Kd3 Rb3+ 62. Ke4 Rb4+ 63. Kf5 {[%cal Rg7h7] [#]} Rb5+ 64. Kf6 {[%cal Rg7h7]} Rb6+ 65. Kf5 {Threatens to win with Rh7+.} Rb5+ 66. Kf6 {Precision: White = 63%, Black = 61%.} 1/2-1/2

[Event "21st Hogeschool Zeeland 2017"]
[Site "Vlissingen"]
[Date "2017.08.11"]
[Round "8"]
[White "Pruijssers, Roeland"]
[Black "Kuipers, Stefan"]
[Result "1-0"]
[WhiteElo "2489"]
[BlackElo "2399"]
[Annotator "TA"]
[PlyCount "57"]
[EventDate "2017.??.??"]
[SourceTitle "playchess.com"]
[Source "ChessBase"]
[SourceQuality "1"]

{[%evp 11,57,50,92,23,95,87,90,79,85,85,84,88,89,103,110,85,91,81,83,26,53,13,0,0,0,0,0,0,237,247,237,244,254,183,565,571,836,822,1164,1158,1125,1125,1029,0,465,0,991,777]} 1. e4 d5 2. exd5 Nf6 3. d4 {[%cal Bd2d4,Bd4d5][%mdl 32]} Bg4 4. Nf3 Qxd5 5. Be2 Nc6 6. h3 Bh5 {LiveBook: 20 Games} 7. Nc3 {B01: Scandinavian Defence} (7. c4 $16 Qd6 8. d5 Bxf3 9. Bxf3) 7... Qd6 (7... Qd7 $11) 8. d5 $146 {Black must now prevent Nb5.} ({Find the theoretical novelty and annotate with similar games:} 8. Nb5 Qd7 9. Ne5 Nxe5 10. dxe5 Bxe2 11. Qxe2 c6 12. exf6 cxb5 13. fxg7 Bxg7 14. O-O {1-0 (47) Kobalia,M (2652)-Ponkratov,P (2584) Moscow 2013}) 8... Bxf3 9. Bxf3 {White is better.} ({Much weaker is} 9. gxf3 Nb4 $11) 9... Ne5 10. O-O O-O-O 11. Bf4 Nxf3+ 12. Qxf3 e5 13. Bg3 e4 14. Qe2 (14. Bxd6 $6 exf3 15. Bxf8 Rhxf8 $11) 14... Qb6 15. Bh4 (15. Nxe4 $2 Re8 $19) (15. Rad1 $16) 15... Qxb2 $11 16. Nb5 Bc5 ({Reject} 16... Rxd5 $6 17. Nxa7+ Kd7 18. Rad1 $16) 17. Bg3 $36 {[%mdl 2048] Strongly threatening Rfb1. White has the initiative.} Nxd5 18. Rab1 $1 {[%cal Rb1b2]} Qf6 19. c4 $1 {[%cal Rc4d5]} Nc3 $2 (19... Ne7 $11 {and Black stays safe.}) 20. Qg4+ $18 Rd7 21. Nxc3 Qxc3 {[#]} 22. Rxb7 $3 {[%mdl 512]} Kxb7 $2 (22... Bb6 {is more resistant.}) 23. Qxd7 Bb6 {[#] ...Qxg3 is the strong threat.} 24. Bxc7 $1 {[%mdl 512]} Qd3 (24... Bxc7 25. Rb1+) 25. Bd6+ Ka6 26. Qa4+ Kb7 27. Qd7+ (27. Rd1 $142) 27... Ka6 28. Qa4+ (28. c5 $142 Qb5 29. Qe7) 28... Kb7 29. c5 {Precision: White = 65%, Black = 55%.} 1-0

[Event "21st Hogeschool Zeeland 2017"]
[Site "Vlissingen"]
[Date "2017.08.11"]
[Round "8"]
[White "Praggnanandhaa R"]
[Black "Bok, Benjamin"]
[Result "1/2-1/2"]
[WhiteElo "2487"]
[BlackElo "2615"]
[Annotator "TA"]
[PlyCount "28"]
[EventDate "2017.??.??"]
[SourceTitle "playchess.com"]
[Source "ChessBase"]
[SourceQuality "1"]

{[%evp 21,28,12,27,27,25,15,39,45,37]} 1. e4 c5 2. Nf3 d6 3. d4 cxd4 4. Nxd4 Nf6 5. Nc3 a6 6. h3 e5 7. Nde2 h5 {B90: Sicilian Najdorf: Unusual White 6th moves, 6 Be3 Ng4 and 6 Be3 e5} 8. Bg5 Be6 9. Bxf6 Qxf6 10. Nd5 Qd8 11. Qd3 Nc6 {LiveBook: 10 Games} 12. O-O-O g6 13. Kb1 {[#]} Bh6 $146 ({Predecessor:} 13... Rc8 14. a3 Bg7 15. h4 {1-0 (39) Bacrot,E (2692)-Gelfand,B (2731) Ashdod 2015}) 14. f4 Qa5 1/2-1/2

[Event "21st Hogeschool Zeeland 2017"]
[Site "Vlissingen"]
[Date "2017.08.11"]
[Round "8"]
[White "Leenhouts, Koen"]
[Black "Vaishali R"]
[Result "1-0"]
[WhiteElo "2486"]
[BlackElo "2327"]
[Annotator "TA"]
[PlyCount "81"]
[EventDate "2017.??.??"]
[SourceTitle "playchess.com"]
[Source "ChessBase"]
[SourceQuality "1"]

{[%evp 14,81,36,35,23,31,43,14,30,30,25,25,27,29,29,40,40,49,49,56,39,43,62,29,27,33,38,30,31,25,79,68,73,54,133,137,132,123,137,121,222,216,240,244,210,251,248,258,248,205,255,151,149,150,150,55,184,112,101,115,94,0,518,476,808,-260,817,760,3371,3075]} 1. e4 c5 2. Nf3 d6 3. Bb5+ Nd7 4. O-O a6 5. Bd3 Ngf6 (5... b5 6. Re1 Bb7 7. a4 b4 8. Bc4 Ngf6 9. d3 e6 10. Nbd2 Be7 11. Nf1 O-O 12. Ng3 d5 {1-0 (50) Vachier Lagrave,M (2783)-Nepomniachtchi,I (2766) Leuven 2017}) 6. c3 {B51: Sicilian: Moscow Variation (3 Bb5+) without 3...Bd7} g6 7. Bc2 Bg7 8. d4 {LiveBook: 14 Games. White is slightly better.} cxd4 9. cxd4 O-O 10. Re1 e5 11. d5 $146 ({Find the theoretical novelty and annotate with similar games:} 11. Nc3 b5 12. dxe5 dxe5 {½-½ (38) Bratkovic,J (2186)-Tuncer,T (2279) Celje 2016}) 11... b5 12. a4 b4 13. a5 Rb8 {[%cal Ba8b8,Bb8b5,Bb5c5][%mdl 32]} 14. Nbd2 Nc5 15. Nb3 Rb5 16. Nxc5 Rxc5 17. Bd2 {[%cal Bc1d2,Bd2b4,Bb4c3][%mdl 32]} Bg4 18. Bxb4 Bxf3 $1 19. gxf3 Rb5 20. Bc3 {Black must now prevent Bd3.} Nh5 21. Kh1 Qh4 (21... Nf4 $11) 22. Bd3 $16 Rbb8 $1 23. Bxa6 Bh6 (23... f5 $1 $14) 24. Rg1 $1 f5 25. Bd3 {exf5 is the strong threat.} fxe4 26. Bxe4 Rf4 (26... Qxf2 $16 27. a6 Be3) 27. Rg2 Nf6 28. a6 {[%cal Ba5a6,Ba6a7][%mdl 32]} Nxe4 29. fxe4 Rxe4 30. a7 Ra8 31. Qb3 $1 {[%cal Rb3b8] aiming for Qb8+.} Qd8 32. f3 (32. Qb7 $18) 32... Re3 {[#]} 33. Rf2 $1 Qc7 34. Qa4 (34. Qb5 $16) 34... Bf8 ({Black should play} 34... Rd3 $1 $14) 35. f4 (35. Kg2 $18) 35... Qc5 36. Rd2 $36 {[%mdl 2048] Hoping for fxe5. Black is under strong pressure.} Bh6 {[#]} 37. Qd7 (37. Qc6 $1 $16 {[%cal Rc6a8]} Rxa7 38. Rdd1 Rxa1 39. Qe8+ (39. Rxa1 exf4 40. Ra5 Qxc6 $11) 39... Bf8 40. Qe6+ Kg7 41. Rxa1) 37... Qc4 $2 {[%mdl 8192]} (37... Rxa7 $1 $11 {and Black stays safe.} 38. Qxa7 (38. Rxa7 Re1+ 39. Kg2 Qg1+ 40. Kh3 Qe3+ 41. Kh4 Qxf4+ 42. Qg4 Bg5+ 43. Kh3 Re3+ 44. Kg2 Qxg4+ 45. Kf2 Qf3+ 46. Kg1 Re1#) 38... Re1+ 39. Kg2 Rg1+ 40. Kf3 Rf1+ 41. Kg2 Rg1+ 42. Kf3 Rf1+ 43. Kg2 Rg1+) 38. Qe6+ $18 Kh8 (38... Kg7 $142 39. Qe7+ (39. fxe5 Rxc3 40. Rf2 Rc1+ 41. Rxc1 Qxc1+ 42. Kg2 Qg5+ 43. Kh3 Rxa7 $19) 39... Kg8) 39. fxe5 $4 {[%mdl 8192]} (39. Qxd6 $18 {was the only winning move.} Qxf4 40. Qb8+ Qf8 41. Qxf8+ Bxf8 42. d6) 39... Qe4+ $4 {[%mdl 8192]} (39... Rxc3 $19 40. bxc3 Bxd2 41. exd6 Bxc3) 40. Rg2 dxe5 41. Qc6 {Precision: White = 54%, Black = 42%.} 1-0

[Event "21st Hogeschool Zeeland 2017"]
[Site "Vlissingen"]
[Date "2017.08.11"]
[Round "8"]
[White "Van Foreest, Lucas"]
[Black "Van Delft, Merijn"]
[Result "1-0"]
[WhiteElo "2467"]
[BlackElo "2393"]
[Annotator "TA"]
[PlyCount "177"]
[EventDate "2017.??.??"]
[SourceTitle "playchess.com"]
[Source "ChessBase"]
[SourceQuality "1"]

{[%evp 29,177,28,37,30,23,31,56,27,51,45,37,45,27,25,29,22,35,29,35,16,25,40,39,23,106,86,99,57,119,89,83,119,335,358,364,268,260,259,370,354,334,-197,-200,-199,-199,-505,-400,-1908,0,0,0,0,0,0,0,0,0,0,0,0,0,0,0,0,0,0,0,0,0,0,0,0,0,0,8,8,8,8,65,59,80,28,51,0,4,0,0,0,0,0,8,8,8,8,8,8,8,0,0,0,8,8,34,34,62,0,8,0,58,0,0,0,20,8,20,13,157,153,159,141,868,845,1241,577,510,462,29955,29958,29971,29971,29979,29980,29979,29980,29978,29979,29978,6083,3235,0,29979,29980,29981,29983,29983,29984,29985,29986,29986,29987]} 1. d4 d5 2. c4 c6 3. Nf3 Nf6 4. Nc3 e6 5. Bg5 dxc4 6. e4 {[%cal Be2e4,Be4e5][%mdl 32]} b5 7. e5 h6 8. Bh4 g5 9. Nxg5 hxg5 10. Bxg5 Be7 11. exf6 Bxf6 12. Bxf6 Qxf6 13. g3 Na6 14. Bg2 Bb7 15. Ne4 Qe7 16. O-O {D44: Semi-Slav: Botvinnik System} O-O-O 17. h4 c5 18. a4 $1 {White is slightly better.} Rxd4 19. Qe2 b4 $1 20. Rfd1 Bd5 21. Ng5 Re8 22. Rxd4 cxd4 23. Bxd5 exd5 {[#]} 24. Qg4+ $146 Kb7 25. Qxd4 Nc7 26. a5 {[%cal Ba4a5,Ba5a6][%mdl 32]} f6 (26... Ka6 $11) 27. Nf3 $1 $16 {Hoping for a6+!} Qd6 28. h5 $1 Nb5 (28... Rh8 $14) 29. a6+ Kc6 30. Qg4 d4 $2 (30... Qe6 $16 {might work better.} 31. Nd4+ Nxd4 32. Qxd4 Re7) 31. h6 $1 $18 c3 32. bxc3 dxc3 {White should prevent ...Kb6.} 33. h7 $1 (33. Qc4+ Kb6 $11) 33... c2 (33... Rh8 {was worth a try.} 34. Ne1 Qe7 35. Qc4+ Kb6) 34. Kg2 Kb6 {[#] And now ...b3 would win.} 35. Qg7 $4 {[%mdl 8192] [#]} (35. Qg8 $1 $18 {[%cal Rg8e8] was the only winning move.} Qd8 36. Qf7) 35... b3 $1 $19 {[%cal Rb3b2]} 36. Qb7+ ({Don't blunder} 36. h8=R $2 Rxh8 37. Qb7+ (37. Qxh8 $2 {too greedy.} b2 $19) 37... Kc5 $19) 36... Kc5 37. Qf7 $2 ({And not} 37. Rh1 Kb4 $11) (37. Rc1 Qd1 38. Qf7) 37... b2 38. Rh1 (38. Qxe8 $142 bxa1=Q 39. h8=Q) 38... b1=Q $2 (38... Qc6 $19 39. Rh5+ Kb6 40. Qxe8 Qxe8) 39. Qxe8 $11 Qxh1+ $1 40. Kxh1 c1=Q+ 41. Kg2 Qh6 42. h8=Q Qxh8 43. Qxh8 Qxa6 44. Qh5+ Kb4 45. Qg4+ Ka5 46. Nd2 Qc6+ 47. Kh2 Kb6 48. Nc4+ Kc5 49. Ne3 Nd4 50. Qh5+ Kd6 51. Qd1 Ke5 52. Ng4+ Kd5 53. Qd3 Qb6 (53... Kc5 $11) 54. Ne3+ $1 $14 Kc6 55. Qe4+ (55. Qc4+ $16 Qc5 56. Qa6+ Kc7 57. Qxf6) 55... Kb5 $11 56. Nd5 Qc5 57. Nxf6 {Nd7 is the strong threat.} a5 58. Qb7+ Kc4 59. Qf7+ Kb4 60. Ne4 Qc6 61. Qf4 {Threatens to win with g4.} a4 62. Qd2+ Kc4 $132 {[%mdl 2048] ( -> ...Nf3+). Black is not keeping still} 63. Qc1+ Kb5 64. Qe3 Nb3 65. g4 Kb4 66. Qe1+ Kb5 67. Nc3+ (67. Kg3 $14) 67... Kc4 $1 {Threatening ...Qc7+.} 68. Ne4 Qh6+ (68... Kb5 $11) 69. Kg3 ({White should try} 69. Kg2 $1 $14 Qg7 70. Qf1+ Kb4 71. Qe1+ Kc4 72. g5) 69... Qc1 70. Qe2+ Kd4 71. g5 {aiming for f3.} a3 (71... Nc5 $5 {[%cal Rc5e4]} 72. Nd2 Qg1+ 73. Kf4 Qh2+ 74. Kf5 Qh3+ 75. Kf6 Qh8+ 76. Kg6 Qg8+ 77. Kh5 Qf7+ 78. Kg4 Qe6+ 79. Qxe6 Nxe6 $11) 72. g6 {Strongly threatening f3.} Qg1+ (72... a2 $11 {remains equal.} 73. Qxa2 Kxe4) 73. Kf4 $16 Qh2+ 74. Kg4 {Black must now prevent Qe3+.} Qg2+ $2 {[%mdl 8192]} (74... Qh6 $16) 75. Ng3 $18 Qb7 76. Nf5+ (76. Qc2 $142) 76... Kc3 77. Qe5+ Kd3 (77... Kb4 $18 78. g7 a2) 78. g7 Qf7 79. Qd6+ Kc3 80. Qxa3 Qg6+ 81. Kf4 Qg2 82. Qa7 Qh2+ 83. Kg5 (83. Kg4 $142 Qg2+ 84. Ng3 Qd5 85. Ne2+ Kd2 86. Qe3+ Kc2 87. Qe8 Nc1 88. Nf4 Qd1+ 89. Kf5) 83... Qg2+ 84. Kf4 (84. Kh6 $18 Kb2 85. Qf7 Qh2+ 86. Kg6 Qxf2 87. Qf6+ Kb1 88. g8=Q Qg2+ 89. Kf7 Qd5+ 90. Kg7 Qg2+ 91. Kf8 Qa8+ 92. Kg7 Qg2+ 93. Qg6 Qxg6+ 94. Kxg6) 84... Qh2+ 85. Kg4 {White mates.} Qg1+ 86. Ng3 Qd1+ 87. Kh3 Qd5 88. Qe3+ Kb2 89. Qe8 {Precision: White = 57%, Black = 44%.} 1-0

[Event "21st Hogeschool Zeeland 2017"]
[Site "Vlissingen"]
[Date "2017.08.11"]
[Round "8"]
[White "Czebe, Attila"]
[Black "Maatman, Nick"]
[Result "1/2-1/2"]
[WhiteElo "2465"]
[BlackElo "2386"]
[Annotator "TA"]
[PlyCount "148"]
[EventDate "2017.??.??"]
[SourceTitle "playchess.com"]
[Source "ChessBase"]
[SourceQuality "1"]

{[%evp 16,148,4,0,-6,-6,0,-1,-10,-6,-8,-7,-8,-99,-83,-179,-170,-178,-120,-106,-110,-134,-140,-140,-129,-168,-153,-148,-125,-125,-125,-125,-125,-125,-125,-122,-122,-109,-123,-123,-67,-129,-109,-137,-129,-135,-131,-191,-162,-168,-168,-295,-221,-223,-222,-231,-229,-210,-158,-171,-171,-146,-158,-171,-164,-179,-154,-273,-227,-244,-199,-222,-196,-480,-485,-413,-231,-271,-242,-689,-675,-672,-648,-621,-557,-364,0,-608,-596,-590,-553,-1175,-1077,-1083,-1083,-1035,-1023,-984,-814,-29948,-29952,-29958,-29955,-29959,-29958,-29949,-12848,-7152,-8660,-5952,-4610,-3129,-14,-14,-14,-14,0,0,0,0,0,0,0,0,0,0,0,0,8,0,0,0,0,0,0]} 1. e4 e6 2. d3 d5 3. Nd2 Nf6 4. g3 dxe4 5. dxe4 b6 6. Bg2 {C00: French: Unusual White 2nd moves} (6. Bb5+ c6 7. Be2 e5 8. Ngf3 Bc5 9. c3 Qe7 10. b4 Bd6 11. O-O O-O 12. Qc2 Bc7 13. Nc4 b5 {1-0 (44) Antipov,M (2538)-Bluebaum,M (2580) Khanty-Mansiysk 2015}) 6... Bb7 7. Qe2 Nc6 {[%cal Bb8c6,Bc6b4,Bb4c2,Bc2a1][%mdl 32]} 8. Ngf3 Nb4 9. Qc4 {LiveBook: 6 Games} Nxe4 10. Nxe4 Qd5 11. Qxd5 exd5 12. Nc3 $146 {Black must now prevent 0-0.} ({Predecessor:} 12. Nf6+ gxf6 13. Nd4 c5 14. a3 cxd4 15. axb4 Bxb4+ {0-1 (40) Conterno,D (2165)-Kleinsorgen,H (2176) IECG email 2005}) 12... Nxc2+ 13. Kd1 $1 {[%cal Rd1c2]} Nxa1 14. Re1+ (14. Nb5 $1 $11 {keeps the balance.}) 14... Be7 $1 $17 15. Bf4 (15. Nd4 $17 {was called for.} Kf8 16. Be3) 15... Kf8 16. Nd4 Bc5 (16... Bf6 $19 17. Nf5 Re8 18. Rxe8+ Kxe8 19. Bxc7 Kd7) 17. Ncb5 Re8 18. Rxe8+ Kxe8 19. Nxc7+ Kd7 20. Ndb5 a6 21. Nc3 Bd6 22. N7xd5 Bxd5 23. Nxd5 Bxf4 24. Nxf4 {[%mdl 4096] Endgame KRN-KBN} Kd6 25. Be4 Ke5 26. Bd3 Rd8 27. h4 g6 (27... Rc8 $17 28. Bxa6 Rc2) 28. Kd2 (28. Kc1 $15) 28... b5 {[%cal Bb6b5,Bb5b4][%mdl 32]} 29. Ne2 b4 30. b3 a5 31. Ke3 (31. f4+ $17 Kd5 32. Ng1) 31... f5 32. f4+ Kd5 33. Nc1 (33. h5 {was necessary.}) 33... Kc5 34. Kd2 Ra8 35. Bc4 Kd4 36. Nd3 Rd8 37. Ne5 {Nc6+ is the strong threat.} Rc8 38. Nf3+ Kc5 39. Kc1 {[#]} a4 $1 {[%cal Ba5a4,Ba4a3][%mdl 32]} 40. Kb2 (40. bxa4 Kxc4) 40... Rd8 41. Be2 {[#]} (41. Kxa1 $17 Rd1+ 42. Kb2) 41... Nxb3 $1 $19 {[%mdl 512]} 42. axb3 a3+ 43. Ka2 Re8 {[%mdl 1024] Black has strong compensation.} 44. Bc4 $2 (44. Ne5 {only move.}) 44... Re3 45. Ng5 Rxg3 (45... h6 $142 46. Ne6+ Kd6) 46. Nxh7 Kd4 47. Nf6 $2 (47. Bf7 Ke3 48. Nf6) 47... Rh3 48. Nd5 Rh2+ 49. Ka1 Rh1+ 50. Ka2 Rh2+ $2 (50... Rxh4 51. Nxb4 Rxf4) 51. Ka1 Rxh4 52. Nxb4 Rxf4 53. Ka2 g5 54. Nc6+ Ke3 55. Bd5 g4 56. b4 g3 57. b5 Rf2+ 58. Kxa3 g2 59. Bxg2 Rxg2 {KR-KN} 60. Ne7 f4 61. b6 Rg5 62. Ka4 Rg1 63. b7 {[#]} Ra1+ $2 ({Black should try} 63... Rb1 $1 $19 64. Nd5+ Kd4 65. Nxf4 Rxb7) 64. Kb5 $11 {The position is equal.} Rb1+ 65. Kc6 {Strongly threatening Nd5+.} Rxb7 66. Nf5+ Ke4 67. Nd6+ Kd3 {( -> ...Rh7)} (67... Ke5 $5 {[%cal Rb7b6]} 68. Nxb7 Kf6 $11) 68. Kxb7 {KN-KP} f3 {And now ...f2 would win.} 69. Nf5 f2 (69... Ke4 $5 {[%cal Re4f5]} 70. Ng3+ Kf4 $11) 70. Ng3 Ke3 71. Kc6 Kf3 72. Nf1 Ke2 (72... Kg2 $5 {[%cal Rg2f1]} 73. Nd2 f1=Q 74. Nxf1 $11) 73. Ng3+ Kf3 74. Nf1 Ke2 {Precision: White = 51%, Black = 69%.} 1/2-1/2